Quiz time history & culture / (Record no. 170132)

MARC details
000 -LEADER
fixed length control field 00502nam a22001817a 4500
005 - DATE AND TIME OF LATEST TRANSACTION
control field 20191211122532.0
010 ## - LCCN (DPL NO)
LC control number B-731126
020 ## - INTERNATIONAL STANDARD BOOK NUMBER
International Standard Book Number 9789350578993
Terms of availability 175.00
035 ## - SYSTEM CONTROL NUMBER
System control number B-731126
037 ## - SOURCE OF ACQUISITION
Stock number dpl
Source of stock number/acquisition DBAD
082 ## - DEWEY DECIMAL CLASSIFICATION NUMBER
Edition number 954
245 00 - TITLE STATEMENT
Title Quiz time history & culture /
260 ## - PUBLICATION, DISTRIBUTION, ETC. (IMPRINT)
Place of publication, distribution, etc New Delhi
Name of publisher, distributor, etc V & S Publishers
Date of publication, distribution, etc 2017
300 ## - PHYSICAL DESCRIPTION
Extent 71 :
Other physical details ill.
Dimensions 24 cm
942 ## - ADDED ENTRY ELEMENTS (KOHA)
Source of classification or shelving scheme Dewey Decimal Classification
Item type English Books
Classification part 954
Call number suffix QUI
Holdings
Withdrawn status Lost status Not for loan Collection code Home library Current library Date acquired Source of acquisition Cost, normal purchase price Full call number Barcode Copy number Cost, replacement price Koha item type
      Non-fiction Kadipur Kadipur 11/12/2019 Gift/ Eng./13.11.2019 175.00 954 QUI B-731126 1 175.00 English Books

© Delhi Public Library
Hit Counter
free hit counter